| 000 | 00513nam a2200169 i 4500 | ||
|---|---|---|---|
| 001 | 101049 | ||
| 003 | ES-MaACL | ||
| 005 | 20230906182818.0 | ||
| 007 | t| | ||
| 008 | 051011s1961 sp ||||1| spa d | ||
| 100 | 1 |
_aMaurein, E. _979233 |
|
| 245 | 1 | 3 |
_aEl electricista de fábrica / _cE. Maurein; traducción de Gaudencio Zoppetti. |
| 260 |
_aBarcelona : _bGustavo Gili, _c1961. |
||
| 300 |
_a416 p. : _bil. ; _c19 cm. |
||
| 700 | 1 |
_aZoppetti Judez, Gaudencio. _9118343 |
|
| 852 |
_aES-MaACL _jC-20145 _bR.48263 |
||
| 999 |
_c101049 _d101049 |
||